000 00324nam a2200133Ia 4500
005 20260328104300.0
008 260328s9999||||xx |||||||||||||| ||und||
100 _aKastner, Jeffrey
245 0 _aLand and Environmental Art /
_cJeffrey Kastner
260 _bPhaidon
300 _a202 p.
650 _aECOLOGÍA
942 _cBK
999 _c10585
_d10585